Comment lire Dostoïevski. (Record no. 2735)

MARC details
000 -LEADER
fixed length control field 00555cam a22002051 4500
001 - CONTROL NUMBER
control field af 47004660
003 - CONTROL NUMBER IDENTIFIER
control field DLC
005 - DATE AND TIME OF LATEST TRANSACTION
control field 20260227110827.0
008 - FIXED-LENGTH DATA ELEMENTS--GENERAL INFORMATION
fixed length control field 890330s1945 fr 000 0 fre
010 ## - LIBRARY OF CONGRESS CONTROL NUMBER
LC control number af 47004660
035 ## - SYSTEM CONTROL NUMBER
System control number (OCoLC)23412547
040 ## - CATALOGING SOURCE
Original cataloging agency DLC
Transcribing agency MiU
Modifying agency DLC
042 ## - AUTHENTICATION CODE
Authentication code premarc
050 00 - LIBRARY OF CONGRESS CALL NUMBER
Classification number PG3328
Item number .D65
100 1# - MAIN ENTRY--PERSONAL NAME
Personal name Dournes, Pierre.
245 10 - TITLE STATEMENT
Title Comment lire Dostoïevski.
260 ## - PUBLICATION, DISTRIBUTION, ETC.
Place of publication, distribution, etc. Paris,
Name of publisher, distributor, etc. Éditions "Aux étudiants de France"
Date of publication, distribution, etc. [1945]
300 ## - PHYSICAL DESCRIPTION
Extent 2 p.l., [7]-88 p.
Dimensions 18 cm.
600 10 - SUBJECT ADDED ENTRY--PERSONAL NAME
Personal name Dostoyevsky, Fyodor,
Dates associated with a name 1821-1881

No items available.

Powered by Koha